| 000 | 00597cam a2200217 a 4500 | ||
|---|---|---|---|
| 999 |
_c4844 _d4844 |
||
| 001 | 2112 | ||
| 003 | BD-DhUAP | ||
| 005 | 20201215143727.0 | ||
| 008 | 201122s1987 nyua b 001 0 eng | ||
| 020 | _a9971511649 | ||
| 040 |
_aDLC _cDLC _dBD-DhUAP _bEng |
||
| 082 | 0 | 0 |
_a572 OUT _223 |
| 245 | 0 | 0 |
_aOutlines of biochemistry / _cEric E. Conn... [et al.]. |
| 250 | _a5th ed. | ||
| 260 |
_aNew York : _bWiley, _cc1987. |
||
| 300 |
_aix, 693 pages : _billustrations ; _c26 cm. |
||
| 504 | _aIncludes bibliographies and index. | ||
| 650 | 0 | _aBiochemistry. | |
| 700 | 1 | _aConn, Eric E. | |
| 942 |
_2ddc _cBK |
||